[Event "Main Vogelsberg op 10th"]
[Site "Hanau"]
[Date "2015.05.25"]
[Round "6"]
[White "Trumpp, Lothar"]
[Black "Chandler, Patrick"]
[Result "0-1"]
[WhiteElo "1927"]
[BlackElo "2102"]
[PlyCount "100"]
[EventDate "2015.05.22"]
[EventType "swiss"]
[EventRounds "7"]
[EventCountry "GER"]
[SourceTitle "EXT 2016"]
[Source "ChessBase"]
[SourceDate "2015.10.08"]
[SourceVersion "1"]
[SourceVersionDate "2015.10.08"]
[SourceQuality "1"]

1. e4 c5 2. Nc3 a6 3. a4 Nc6 4. g3 g6 5. Bg2 Bg7 6. d3 e6 7. Nge2 Nge7 8. 0-0 0-0 9. Bf4 d6 10. Qd2 Re8 11. Bh6 Bh8 12. Rfe1 b6 13. h4 Bb7 14. h5 Rc8 15. Rab1 Qc7 16. Nf4 Ne5 17. Nh3 Nf5 18. hxg6 fxg6 19. Bf4 Nd4 20. Ng5 h6 21. Bxe5 dxe5 22. Nf3 g5 23. Nh2 Rf8 24. Nd1 b5 25. axb5 axb5 26. b3 Bg7 27. Bh3 Rce8 28. Ne3 h5 29. c3 Nc6 30. Qe2 Qf7 31. Ra1 Re7 32. Bg2 b4 33. Nc4 bxc3 34. Nd6 Qg6 35. Qc2 Rd7 36. Nxb7 Rxb7 37. Qxc3 Nd4 38. Qxc5 Nxb3 39. Qc6 Rbf7 40. Ra2 Nd4 41. Qb6 g4 42. Nf1 Bh6 43. Rb1 Qg5 44. Qd6 h4 45. gxh4 Qxh4 46. Rb8 Rxf2 47. Rxf2 Qxf2+ 48. Kh1 Qh4+ 49. Nh2 g3 50. Rxf8+ Bxf8 0-1